[Event "CZE-chT2B 1718"]
[Site "Czech Republic"]
[Date "2017.11.19"]
[Round "3.3"]
[White "Janous, Petr"]
[Black "Kaderabek, Jiri"]
[Result "1/2-1/2"]
[WhiteElo "2023"]
[BlackElo "2072"]
[PlyCount "52"]
[EventDate "2017.10.15"]
[EventType "team-tourn"]
[EventRounds "11"]
[EventCountry "CZE"]
[SourceTitle "EXT 2022"]
[Source "ChessBase"]
[SourceDate "2021.10.06"]
[SourceVersion "1"]
[SourceVersionDate "2021.10.06"]
[SourceQuality "1"]
[WhiteTeam "Liberec Slavia"]
[BlackTeam "Bakov nad Jizerou"]
[WhiteTeamCountry "CZE"]
[BlackTeamCountry "CZE"]

1. e4 c5 2. c3 Nf6 3. e5 Nd5 4. d4 cxd4 5. Nf3 e6 6. cxd4 b6 7. Bd3 Bb7 8. 0-0 Be7 9. Bd2 0-0 10. Nc3 Nxc3 11. Bxc3 d6 12. Qe2 Nd7 13. Be4 Bxe4 14. Qxe4 dxe5 15. dxe5 Nc5 16. Qe3 Qd3 17. Qxd3 Nxd3 18. Rfd1 Rad8 19. Bd4 Nf4 20. g3 Nd5 21. Rac1 Rd7 22. Kf1 Rfd8 23. Ke2 Kf8 24. a3 h5 25. h4 b5 26. Rd2 b4 1/2-1/2

[Event "CZE-chT2B 1718"]
[Site "Czech Republic"]
[Date "2017.10.15"]
[Round "1.4"]
[White "Vales, Vaclav"]
[Black "Kaderabek, Jiri"]
[Result "1/2-1/2"]
[WhiteElo "2119"]
[BlackElo "2072"]
[PlyCount "96"]
[EventDate "2017.10.15"]
[EventType "team-tourn"]
[EventRounds "11"]
[EventCountry "CZE"]
[SourceTitle "EXT 2022"]
[Source "ChessBase"]
[SourceDate "2021.10.06"]
[SourceVersion "1"]
[SourceVersionDate "2021.10.06"]
[SourceQuality "1"]
[WhiteTeam "Decin"]
[BlackTeam "Bakov nad Jizerou"]
[WhiteTeamCountry "CZE"]
[BlackTeamCountry "CZE"]

1. d4 Nf6 2. Nf3 b6 3. c4 Bb7 4. Nc3 e6 5. a3 d5 6. cxd5 Nxd5 7. Qc2 Be7 8. e4 Nxc3 9. bxc3 0-0 10. Bd3 c5 11. 0-0 Qc8 12. Qe2 Ba6 13. a4 Bxd3 14. Qxd3 Rd8 15. Bf4 Nd7 16. Rfe1 Nf6 17. h3 cxd4 18. cxd4 Qd7 19. Re2 Qb7 20. Bg5 h6 21. Bxf6 Bxf6 22. Rb2 Bxd4 23. Nxd4 e5 24. a5 Rxd4 25. Qb5 Qxe4 26. axb6 axb6 27. Rxa8+ Qxa8 28. Qxb6 Qe4 29. Rb1 g6 30. Ra1 Kg7 31. Qa5 Rb4 32. Rf1 Rb2 33. Re1 Re2 34. Rf1 h5 35. Qc3 Qf4 36. Qa1 g5 37. Qa6 Qe4 38. Qc8 g4 39. hxg4 hxg4 40. Qd8 Qf4 41. Qh4 Rc2 42. Qh5 f6 43. g3 Qf3 44. Qe8 Qc6 45. Qd8 Qc8 46. Qe7+ Kg6 47. Qa3 Qc5 48. Qb3 Qc4 1/2-1/2

[Event "Prague Summer op 4th"]
[Site "Prague"]
[Date "2017.08.06"]
[Round "3"]
[White "Kaderabek, Jiri"]
[Black "Kohtz, Andreas"]
[Result "1/2-1/2"]
[WhiteElo "2120"]
[BlackElo "1946"]
[PlyCount "62"]
[EventDate "2017.08.04"]
[EventType "swiss"]
[EventRounds "9"]
[EventCountry "CZE"]
[SourceTitle "CBM 179 Extra"]
[Source "ChessBase"]
[SourceDate "2017.08.23"]
[SourceVersion "1"]
[SourceVersionDate "2017.08.23"]
[SourceQuality "1"]

1. e4 Nf6 2. e5 Nd5 3. d4 d6 4. c4 Nb6 5. f4 dxe5 6. fxe5 c5 7. d5 e6 8. Nf3 exd5 9. Bg5 Be7 10. Bxe7 Qxe7 11. cxd5 Bg4 12. Bb5+ N8d7 13. 0-0 0-0 14. Bxd7 Nxd7 15. Nc3 Nxe5 16. d6 Qe6 17. Ne4 Nxf3+ 18. gxf3 Qxe4 19. fxe4 Bxd1 20. Rfxd1 f6 21. Rac1 b6 22. b4 cxb4 23. Rc7 Rf7 24. d7 Rd8 25. Rxa7 Kf8 26. Rc7 Ke7 27. Rd5 g6 28. Rb7 f5 29. Rxb6 fxe4 30. Rxb4 Ke6 31. Rdd4 Rdxd7 1/2-1/2

[Event "Prague Summer op 4th"]
[Site "Prague"]
[Date "2017.08.05"]
[Round "2"]
[White "Balkova, Anna"]
[Black "Kaderabek, Jiri"]
[Result "1/2-1/2"]
[WhiteElo "1831"]
[BlackElo "2120"]
[PlyCount "42"]
[EventDate "2017.08.04"]
[EventType "swiss"]
[EventRounds "9"]
[EventCountry "CZE"]
[SourceTitle "CBM 179 Extra"]
[Source "ChessBase"]
[SourceDate "2017.08.23"]
[SourceVersion "1"]
[SourceVersionDate "2017.08.23"]
[SourceQuality "1"]

1. e4 d6 2. d4 Nf6 3. Nc3 g6 4. f4 Bg7 5. Nf3 0-0 6. Bd3 b6 7. e5 Ne8 8. Be4 c6 9. 0-0 d5 10. Bd3 Nc7 11. f5 c5 12. fxg6 fxg6 13. Nb5 Nba6 14. Nxc7 Nxc7 15. c3 Bg4 16. h3 Bf5 17. Be3 cxd4 18. cxd4 Qd7 19. Qc2 Rac8 20. Bxf5 gxf5 21. Qd2 Na6 1/2-1/2

[Event "Klatovy op-A 23rd"]
[Site "Klatovy"]
[Date "2017.07.08"]
[Round "8"]
[White "Pick, Stepan"]
[Black "Kaderabek, Jiri"]
[Result "1/2-1/2"]
[WhiteElo "2105"]
[BlackElo "2137"]
[PlyCount "28"]
[EventDate "2017.07.01"]
[EventType "swiss"]
[EventRounds "9"]
[EventCountry "CZE"]
[SourceTitle "EXT 2018"]
[Source "ChessBase"]
[SourceDate "2017.10.13"]
[SourceVersion "1"]
[SourceVersionDate "2017.10.13"]
[SourceQuality "1"]

1. Nf3 d5 2. c4 c6 3. e3 Nf6 4. Nc3 g6 5. d4 Bg7 6. Be2 0-0 7. 0-0 Nbd7 8. cxd5 cxd5 9. Qb3 Nb6 10. Rd1 Bd7 11. Ne5 Ne4 12. Nxd7 Nxc3 13. bxc3 Qxd7 14. c4 dxc4 1/2-1/2

[Event "Klatovy op-A 23rd"]
[Site "Klatovy"]
[Date "2017.07.07"]
[Round "7"]
[White "Kaderabek, Jiri"]
[Black "Ruzickova, Radka"]
[Result "1-0"]
[WhiteElo "2137"]
[BlackElo "1836"]
[PlyCount "85"]
[EventDate "2017.07.01"]
[EventType "swiss"]
[EventRounds "9"]
[EventCountry "CZE"]
[SourceTitle "EXT 2018"]
[Source "ChessBase"]
[SourceDate "2017.10.13"]
[SourceVersion "1"]
[SourceVersionDate "2017.10.13"]
[SourceQuality "1"]

1. d4 d5 2. c4 e6 3. Nf3 Nf6 4. g3 c6 5. Bg2 Nbd7 6. 0-0 Bd6 7. Nc3 0-0 8. Nd2 Re8 9. e4 dxe4 10. Ndxe4 Nxe4 11. Nxe4 Be7 12. Be3 e5 13. d5 cxd5 14. cxd5 Bb4 15. Qb3 Ba5 16. Nd6 Rf8 17. Nxb7 Bxb7 18. Qxb7 Rb8 19. Qxa7 Rxb2 20. Bh3 f5 21. Rab1 Bb6 22. Qa3 Rxb1 23. Rxb1 Bxe3 24. Qxe3 e4 25. Qd4 Qe8 26. Bg2 Ne5 27. d6 Rf7 28. Qd5 Kf8 29. Rc1 Rd7 30. Rc7 g6 31. h3 Kg7 32. a4 Kf6 33. Qc5 Qe6 34. Rxd7 Qxd7 35. a5 Ke6 36. a6 Nc6 37. Bf1 Qxd6 38. Qb6 Kd7 39. Bb5 Qc7 40. Qc5 Qd6 41. Qc4 Qc7 42. Qd5+ Qd6 43. Bxc6+ 1-0